Interakcia daňového systému a ekonomický rast dizertačná práca
Salvato in:
| Autore principale: | |
|---|---|
| Ente Autore: | |
| Altri autori: | |
| Natura: | Libro |
| Lingua: | slovacco |
| Pubblicazione: |
Bratislava
2018
|
| Soggetti: | |
| Tags: |
Nessun Tag, puoi essere il primo ad aggiungerne!!
|
MARC
| LEADER | 00000nbm a2200000 4500 | ||
|---|---|---|---|
| 001 | 0246525 | ||
| 005 | 20230302103605.4 | ||
| 041 | 0 | |a slo | |
| 044 | |a SK | ||
| 245 | 1 | 0 | |a Interakcia daňového systému a ekonomický rast |b dizertačná práca |c Ján Remeta ; školiteľ: Alena Zubaľová |
| 264 | 1 | |a Bratislava |c 2018 | |
| 300 | |a 126 s. | ||
| 610 | 2 | 0 | |a systémy daňové |
| 610 | 2 | 0 | |a optimalizácia |
| 610 | 2 | 0 | |a rast hospodársky |
| 610 | 2 | 0 | |a Slovensko |
| 100 | 1 | |a Remeta, Ján | |
| 700 | 1 | |a Zubaľová, Alena, 1959- | |
| 710 | 2 | |a Národohospodárska fakulta EU. Katedra financií | |